000 00424nam a2200181Ia 4500
001 9557
005 20260306161727.0
008 260306t2003||||xx |||||||||||||| ||spa||
041 _aESP
082 _a382.0985
_bR97
100 _aRutters, Leo
_eAUT
245 0 _a¿Cómo exportar e importar en el Perú?
260 _c2003
300 _a264 páginas :
_c
650 _aGEN
654 _aCAN
942 _cLIB
_dJUS
_fJUS
_2ddc
_n
999 _c9557
_d9557